| 000 | 00752nam a2200205 a 4500 | ||
|---|---|---|---|
| 008 | 100720s1997 ||||||||||||||||| || u | ||
| 020 | _a9780632040285 | ||
| 050 | _aTH 432 Fla | ||
| 100 | _aFlanagan, Roger | ||
| 245 | 1 | 0 |
_aCost control in building design: an interactive learning text _cby Roger Flanagan and Brian Tate |
| 260 |
_aOxford: _bBlackwell Science _c1997 |
||
| 300 | _avii, 322p.: ill. | ||
| 350 | _a0.00 | ||
| 500 | _aIncludes Index | ||
| 650 | _aBUILDING | ||
| 650 | _aBUILDING--COST CONTROL | ||
| 650 | _aBUILDING--COST MANAGEMENT | ||
| 700 | _aTate, Brian | ||
| 995 |
_D0.00 _FCBU-MAIN LIBRARY (Kitwe) _H1 _I0.00 _M1 _UAVAILABLE _WAug 18, 2010 _ZMain Library Open Access Collection |
||
| 999 |
_c38996 _d38996 |
||